Mark of the hunter.

Bibliographic Details
Main Author: Caesar, Gene, 1927-
Format: Book
Language:English
Published: New York : Sloane, [1953]

MARC

Tag First Indicator Second Indicator Subfields
LEADER 00000cam a2200000 4500
001 in00000032819
005 20151007063228.0
008 750916s1953 nyu 00001 eng
010 |a  53008154  
035 |a (OCoLC)01629291 
035 |9 AAD6864AM 
040 |a DLC  |c DZM  |d TXA  |d UtOrBLW 
049 |a TXAM  |c [222863] 
050 0 |a PZ4.C128  |b Mar 
090 |a PS3505.A2515  |b M37 1953 
092 |a 813  |b C128m 
100 1 |a Caesar, Gene,  |d 1927- 
245 1 0 |a Mark of the hunter. 
264 1 |a New York :  |b Sloane,  |c [1953] 
300 |a 250 pages ;  |c 21 cm. 
336 |a text  |b txt  |2 rdacontent 
337 |a unmediated  |b n  |2 rdamedia 
338 |a volume  |b nc  |2 rdacarrier 
999 |a MARS 
999 f f |s 0b89e6cf-e611-3435-8499-95bb5b92f730  |i ed0e5982-82c4-36a5-bbe4-1dd7a8d2b3cb  |t 0 
952 f f |p ric  |a Texas A&M University  |b Rellis Campus  |c Joint Library Facility  |d Remote Storage  |t 0  |e PS3505.A2515 M37 1953  |h Library of Congress classification  |i unmediated -- volume  |m A14801231033 
998 f f |a PS3505.A2515 M37 1953  |t 0  |l Remote Storage